| 000 | 00000nam##2200000za#4500 |
| 001 | 9.542880 |
| 003 | CaOODSP |
| 005 | 20200709171207 |
| 007 | ta |
| 008 | 150406|2006||||xxc||||| f|0| 0 eng|d |
| 040 | |aCaOODSP|beng |
| 041 | |aeng |
| 041 | |afre |
| 043 | |an-cn--- |
| 086 | 1 |aRv55-5/11-4-2-2006 |
| 110 | 2 |aCanada Border Services Agency. |
| 245 | 10|aProof of origin |
| 260 | |aOttawa - Ontario : |bCanada Border Services Agency |
| 300 | |aEnglish text, 27p. : |billus., references, table ; |c28 cm. |
| 490 | 1 |aCustoms D memoranda. D11, General tariff information |vD11-4-2, March 16, 2006 |
| 500 | |aSuperseds Memoranda "D" — D11-4-2, June 30, 1998. |
| 563 | |aProcessed |
| 776 | 0#|tProof of origin |w(CaOODSP)9.580861 |
| 776 | 0#|tJustification de l'origine |w(CaOODSP)9.607799 |
| 792 | |tJustification de l'origine |efre|w(CaOODSP)9.542881 |
| 830 | #0|aCustoms D memoranda. D11, General tariff information ;|vD11-4-2, March 16, 2006|w(CaOODSP)9.510862 |